00399nam a2200145Ia 4500008004100000020001300041041000800054082001700062100002200079245007900101250000600180260004600186300001200232650000900244210716s1988 xx 000 0 und d a71001948 aeng a005.133 DAVG aDavis, Gordon B;H aFortran 77: a structured disciplines style.bStructured disciplines style. a3 aNew YorkbMc Graw Hill Book Companyc1988 avii,434 aNone